Taça de Portugal | Vencedores - Statistics

Estatísticas Gerais
  • Esse quiz foi jogado 165 vezes
  • A pontuação média é 75 de 82
Estatísticas das Respostas
Hint Resposta % Correto
2017 Benfica
99%
2014 Benfica
99%
2004 Benfica
99%
1996 Benfica
99%
1993 Benfica
99%
1987 Benfica
99%
1986 Benfica
99%
1985 Benfica
99%
1983 Benfica
99%
1981 Benfica
99%
1980 Benfica
99%
1972 Benfica
99%
1970 Benfica
99%
1969 Benfica
99%
1964 Benfica
99%
1962 Benfica
99%
1959 Benfica
99%
1957 Benfica
99%
1955 Benfica
99%
1953 Benfica
99%
1952 Benfica
99%
1951 Benfica
99%
1949 Benfica
99%
1944 Benfica
99%
1943 Benfica
99%
1940 Benfica
99%
2022 Porto
99%
2020 Porto
99%
2011 Porto
99%
2010 Porto
99%
2009 Porto
99%
2006 Porto
99%
2003 Porto
99%
2001 Porto
99%
2000 Porto
99%
1998 Porto
99%
1994 Porto
99%
1991 Porto
99%
1988 Porto
99%
1984 Porto
99%
1977 Porto
99%
1968 Porto
99%
1958 Porto
99%
1956 Porto
99%
2019 Sporting
99%
2015 Sporting
99%
2008 Sporting
99%
2007 Sporting
99%
2002 Sporting
99%
1995 Sporting
99%
1982 Sporting
99%
1978 Sporting
99%
1974 Sporting
99%
1973 Sporting
99%
1971 Sporting
99%
1963 Sporting
99%
1954 Sporting
99%
1948 Sporting
99%
1946 Sporting
99%
1945 Sporting
99%
1941 Sporting
99%
2021 Braga
98%
2016 Braga
98%
1966 Braga
98%
1997 Boavista
80%
1992 Boavista
80%
1979 Boavista
80%
1976 Boavista
80%
1975 Boavista
80%
1989 Belenenses
66%
1960 Belenenses
66%
1942 Belenenses
66%
2018 Aves
64%
2013 Vitoria de Guimaraes
64%
2012 Académica
60%
1939 Académica
60%
2005 Vitoria de Setubal
52%
1967 Vitória de Setubal
52%
1965 Vitória de Setubal
52%
1999 Beira Mar
50%
1961 Leixoes
46%
1990 Estrela da Amadora
36%
Nenhum quiz correspondente encontrado
Distribuição das Pontuações
Porcentagem de Pessoas com Cada Pontuação
Percentil de Números Respondidos
Sua Pontuação Histórica
Você não jogou esse quiz